=LDR 00000nam 2200000 4500 =001 INLIS000000000037510 =005 20130612143236 =008 ***********************************Eng** =035 ##$$0010-061300000037510 =041 ##$$a Eng =082 ##$$a F.Rom.K =090 ##$$a F.Rom.K, Les d =100 ##$$a Lesmana, Merlinda =245 ##$$a Deep in the ocean with mermaid, Merlinda Lesmana =260 ##$$a 2009 $b Jakarta =300 ##$$a 18 hlm, Ilus, 28 cm =650 ##$$a Fiksi Kanak - Kanak =850 ##$$a NBPNMAT